Tunnista kappale ensimmäisistä säkeistä #3 - Statistics

Yleistilastot
  • Tätä visaa on pelattu 136 kertaa
  • Keskiarvotulos 11 / 32
Vastaustilastot
Hint Vastaus % Oikein
Vaikka joskus tuntuu et mä sekoon/Vielä kannan korttani kekoon/Sillon kun tarviit mua täällä mä oon Reino Nordin Antaudun
88%
Aamu neljä eikä väsytä laita vielä yksi biisi soimaan/ Hei sä siellä/miks sä jumitat/tuuppa messiin tää on helppo tanssii Antti Tuisku Keinutaan
83%
Tumma on taivas ja pimennetyt puut PMMP Pikkuveli
77%
Mul on vuodessa vaan yksi kesäloma/Satanu siitä puolet ja tosi kiva Vesala Älä droppaa mun tunnelmaa
70%
Mistä alkaisin, jos susta kertoisin/Joku toinen kertois kai kauniimmin Behm Hei rakas
62%
Herään vieraassa talossa/Ja mietin miten vaikeaa/Ois kertoa tuolle nukkuvalle miehelle/Että olen naimisissa Erin Vanha nainen hunningolla
60%
En haluu kahlita sua/tai käyttää jesarii/mut oon välil kotona/jo ennen Hesarii Sanni Että mitähän vittua
55%
Makaan luodis/rantatuolis/rantakuosis/Vähä hiekkaa mun taskuis/Jotain juomist joka ois Vantaalla muodis/Ja mä tipun laskuist JVG&Anna Abreu Huominen on huomenna
48%
Ku tiimit jaettiin/Mut vikan valittiin/Sen jälkeen halusin näyttää/Mul on oma ääni ja kova pää Viivi feat.JVG Mitä näil korteil saa?
47%
Hitaammin, sä pyydät jos mä kiiirehdin/Olet viilee kun käyn kuumemmin/Ollaan vastakohdat luonnostaan/Ne vetää puoleen toisiaan Robin Erilaiset
43%
Mä olen kyllästynyt niihin/Voimiin, jotka ohjailee mun elämää/Jotka vie mukanaan ja itseensä rakastuttaa/ Kaija Koo Vapaa
43%
Näin sut ensikertaa uudessa valossa/oli rippikoulukesä/Olit käynyt kampaajalla Salossa Arttu Wiskari Kun me diskossa suudeltiin
41%
Me ei puhuta niinku/Ihmiset puhuu/Me tarkkaillaan toistemme liikkeitä/Epäselviä viitteitä Ellinoora feat. Eetu Bäng bäng typerä sydän
40%
Absoluuttinen nollapiste kertoo/ kai Suomesta/ Löytyiskohän Euroopasta parempikin mesta? Portion Boys Samaa taivasta katsotaan
37%
Muurahaisia kaupungissa/Teräskukkia saarroksissa/Pysäkit on täynnä meitä/Voittajii ja pettyneitä/Sankareita ilman viittaa, ilman haarniskaa Ellinoora & Juha Tapio Hiljaisii heeroksii
31%
Tämä sydän on/Niin kuiva karu maa/Ei sen kuumutta kestä ees/sieluista sisukkaimmat Lauri Tähkä Aavikko
30%
Sammuu/Talossamme lamput sammuu/Autioituneita huoneet/ Ovat yksi kerrallaan Laura Närhi Mä annan sut pois
30%
Jo poika kiskoo pojan unta vuoteessaan/ Ennen kuin loppuun iltasadun saan Ihmisen poika
28%
On nähty monta kertaa miten paljon sanat satuttaa/Liian monta kaunista unelmaa poljettuna maahan/Ei kannata hyvää odottaa Joskus pitää vaan mennä ja ottaa Mikko Harju Anna mennä lennä
26%
Tahtoisin sen tunnustaa/Kukaan ei oo yhtä tärkeä/Tätä yötä kun kanssasi kuljen Suvi Teräsniska Hento kuiskaus
24%
Rakkaus, ehkä vielä toinenkin/hän saapuu vaikka yksi lähtikin on huomen jotain jota aavistin Anna Puu Kaunis päivä
20%
Oon pitänyt kaiken takana/Kuvitellen, ettei huomenna/Edessä oo se kaikki ihan samana Kaija Koo Kuka sen opettaa
17%
Tehäänkö sanaton sopimus/Iske silmää jos oot imus/Jos tanssit muiden kaa se sopii mut Bess Missio
16%
Kuuletko, minun sanojani kuuletko/Ja tunnetko miten sydän vapisee Kaipaatko, vielä syliäni kaipaatko/Ja tahdotko sinne minne minä meen Juha Tapio Päiväni ilman sinua
11%
Mun sydäntäni aina joskus särkee/Kun joku pieni asia mua muistuttaa Sä tulit niin lähelle mun henkee/Ja nyt mä en voi sua unohtaa Jannika B Seuraavaan elämään
10%
Ohi vuodet pyyhkäisee/Ne ei tänne majaa tee/ Tänään niihin muistoja voit kiinnittää Suvi Teräsniska Pahalta piilossa
9%
Terveiset yksinäisten maasta/Oon päivät täällä ikävöinyt sua/ Ollut sateisella rannikolla kivi ilman toista jota vasten hioutua Anna Puu & Juha Tapio Planeetat, enkelit ja kuu
5%
Sä et koskaan kuulunut tähän maisemaan/Jossa kasvaa vain betonipuut/Hiuksissa tuuli ja sun silmis erämaa/Askelissa levottomuus Vilma Alina Tanssii susien kaa
4%
Silmistäsi voin nähdä jo alttarin/Eturivissä istuvan äitisi/Pikkusiskosi kukkia käsissään/Heinäkuun, joka paistaa sisään Frans Harju Tässä tää nyt on
2%
Aamulla kuulin sen ikävän uutisen/Että nähtiin sut kanssa toisien/Jotain jo epäiin, itsekin aavistin/Että juttu tää menee sekaisin Laura Voutilainen Vaarallinen yllätys
2%
Tää on niin pieni kaupunki/Oli vaan ajan kysymys/Et milloin tuut/vastaan Mira Luoti & Aki Tykki Täydellinen puolikas
1%
Kun ne sanoo mulle/"Käy tähän istumaan"/Mä tiesin heti,et se on vakavaa/Sä olit joutunut siihen kolariin/Josta radiossa aiemmin kerrottiin Janna Niin kauan ku me eletään
0%
Ehtoja vastaavia visoja ei löytynyt
Tulosjakauma
Jokaisen tuloksen saaneiden osuus
Persentiili vastausten määrän mukaan
Tuloshistoriasi
Et ole pelannut tätä visaa